Rosco - Futbol #1 - Estadísticas

Estadísticas generales
  • Esta prueba ha sido intentada 4.397 veces
  • La puntuación promedio es 15 de 26
Estadísticas de respuestas
Letra Enunciado Respuesta % Correcto
A Ultima selección en ser campeona de la Copa del Mundo Argentina
100%
B Equipo donde uno de sus mayores idolos es Juan Román Riquelme Boca Juniors
97%
D Selección campeona de la Eurocopa en 1992 Dinamarca
90%
G Selección ganadora de la Eurocopa en 2004 Grecia
79%
C Exjugador que estuvo tanto en el Manchester United y Manchester City Carlos Tevez
78%
F Primer equipo en ser campeón de Champions League/Copa de Europa del futbol holandés Feyenoord
68%
I Selección que se clasifica por primera vez a la Copa del Mundo en el año 2018 Islandia
63%
M Nombre del acontecimiento histórico donde se enfrentaron Brasil y Uruguay en el ultimo partido de la Copa del Mundo de 1950 Maracanazo
63%
U Nacionalidad de Andriy Lunin Ucrania
62%
P Nombre popular del remate que se realiza en penales, en el cual consiste en engañar al portero/arquero tirando el balón de forma suave y sutil en lugar de dispararlo con fuerza Panenka
61%
S Peor selección según el ranking FIFA San Marino
60%
X Jugó y dirigió en el FC Barcelona Xavi Hernández
60%
R Nombre y apellido del jugador conocido por la frase: “El hombre que murió de pie” Roberto Baggio
58%
E Nacionalidad del jugador apodado el "Mágico" Gonzalez. El Salvador
56%
W Estadio principal que utiliza la selección de Inglaterra Wembley Stadium
56%
K Jugador que marco el gol decisivo para que Bayern Munich sea campeón de la Champions League en la temporada 2019/20 Kingsley Coman
52%
O Delantero campeón del mundo en el año 2018, que no marco ningún gol en dicho mundial Olivier Giroud
51%
J Jugador con mas partidos jugados con el Inter de Milan Javier Zanetti
50%
V Equipo subcampeón de Champions League de manera consecutiva (temporadas 1999/00 y 2000/01) Valencia
49%
H Equipo campeón de la Copa de Europa en 1983. Actualmente, se encuentra en segunda división Hamburgo
47%
L Equipo que fue subcampeon en la Copa Libertadores en el año 2017 Lanús
46%
Y Uno de los equipos mas famosos de Suiza Young Boys
44%
Q Equipo que juega en la primera división de la Liga MX (es el único equipo que inicia con Q) Querétaro
41%
T Fue el máximo goleador de la Premier League, en la temporada 2003/04 Thierry Henry
39%
Z Apodado el "Pelé Blanco" Zico
38%
N Equipo campeón de la Copa de la UEFA en la temporada 1988-89 Napoli
29%
No se encontraron pruebas coincidentes
Distribución de puntuación
Porcentaje de gente con cada puntuación
Porcentaje por número respondido
Historial de tus puntuaciones
No has intentado esta prueba.